Consecuencias de la reforma previsional (Registro nro. 31426)

Detalles MARC
000 -LEADER
fixed length control field 00324 a2200109 4500
001 - CONTROL NUMBER
control field ART_30625
005 - DATE AND TIME OF LATEST TRANSACTION
control field 20260410162003.0
008 - FIXED-LENGTH DATA ELEMENTS--GENERAL INFORMATION
fixed length control field 260409a
100 1# - MAIN ENTRY--PERSONAL NAME
Personal name Dieulefait, Enrique
245 10 - TITLE STATEMENT
Title Consecuencias de la reforma previsional
773 0# - HOST ITEM ENTRY
Title Foro económico
Related parts - Año III, Nº 5 (dic. 1997)
Record control number REV30369

No hay ítems disponibles.